[Event "Antioquia op"]
[Site "Antioquia"]
[Date "2020.03.04"]
[Round "2"]
[White "Castano Herrera, Jeronimo"]
[Black "Hernandez Bermudez, Manuela"]
[Result "0-1"]
[WhiteElo "1454"]
[BlackElo "1562"]
[PlyCount "62"]
[EventDate "2020.03.03"]
[EventType "swiss"]
[EventRounds "9"]
[EventCountry "COL"]
[SourceTitle "CBM 195 Extra"]
[Source "ChessBase"]
[SourceDate "2020.05.31"]
[SourceVersion "1"]
[SourceVersionDate "2020.05.31"]
[SourceQuality "1"]

1. e4 c5 2. Nf3 d6 3. d4 cxd4 4. Nxd4 Nf6 5. Nc3 g6 6. f3 Bg7 7. Be3 Nc6 8. Qd2 0-0 9. 0-0-0 Bd7 10. Be2 Rc8 11. h4 Ne5 12. g4 h5 13. gxh5 Nxh5 14. Rhg1 Kh7 15. f4 Nc4 16. Bxc4 Rxc4 17. f5 Be5 18. Qe2 Rxc3 19. Rg5 Nf4 20. Qf3 Rxe3 21. Qxe3 Qb6 22. c3 Kg7 23. Rh1 Bxd4 24. cxd4 e5 25. fxe6 Nxe6 26. Rd5 Rc8+ 27. Kb1 Bb5 28. h5 Rh8 29. h6+ Kh7 30. e5 Qc6 31. Rxd6 Qxh1+ 0-1

[Event "Pan American-ch School U13"]
[Site "Medellin"]
[Date "2019.11.15"]
[Round "6"]
[White "Castano Herrera, Jeronimo"]
[Black "Cotes Ontibon, Anibal Santiago"]
[Result "0-1"]
[WhiteElo "1497"]
[BlackElo "1319"]
[PlyCount "68"]
[EventDate "2019.11.12"]
[EventType "swiss"]
[EventRounds "9"]
[EventCountry "COL"]
[SourceTitle "CBM 193 Extra"]
[Source "ChessBase"]
[SourceDate "2020.01.31"]
[SourceVersion "1"]
[SourceVersionDate "2020.01.31"]
[SourceQuality "1"]

1. c4 e5 2. g3 Nc6 3. Bg2 g6 4. Nc3 Bg7 5. d3 f5 6. Nf3 Nf6 7. Bg5 h6 8. Bxf6 Bxf6 9. 0-0 0-0 10. Rb1 a5 11. a3 d6 12. Ne1 g5 13. Nc2 h5 14. b4 axb4 15. axb4 h4 16. b5 Ne7 17. Nd5 Nxd5 18. Bxd5+ Kh8 19. Qd2 f4 20. Kg2 Qd7 21. Kg1 hxg3 22. fxg3 Kg7 23. gxf4 exf4 24. e3 c6 25. bxc6 bxc6 26. Bg2 Rb8 27. exf4 Qg4 28. fxg5 Be5 29. Rf3 Rb2 30. Ne3 Qxf3 31. Bxf3 Rxd2 32. Bxc6 Rff2 33. Rb8 Ra2 34. Nf1 Bxh2+ 0-1